| 000 | 00808 a2200193 4500 | ||
|---|---|---|---|
| 005 | 20240802161327.0 | ||
| 010 | _aB-758972 | ||
| 020 |
_a8187110929 _c80.00 |
||
| 035 | _aB-758972 | ||
| 037 | _bउपहार | ||
| 082 | _aक | ||
| 100 |
_a मिश्रा, विनोदिनी _969383 |
||
| 245 |
_aकौआ हँकनी आओ बच्चों पढे कहानी/ _cविनोदिनी मिश्रा |
||
| 260 |
_aदिल्ली _bमेघा बुक्स _c2009 |
||
| 270 |
_aएक्स-11 नवीन शाहदरा _bदिल्ली _e110032 |
||
| 300 |
_a88 पृष्ठ.; _c22cm. (साजिल्द) |
||
| 942 |
_adpl _cCH _2ddc _hक _mमिश्रावि |
||
| 999 |
_c202727 _d202727 |
||